| 000 | 00640nam a2200157 i 4500 | ||
|---|---|---|---|
| 001 | 153708 | ||
| 003 | ES-MaACL | ||
| 005 | 20230906205342.0 | ||
| 008 | 030207s1877 fr |||| | fre d | ||
| 100 | 1 |
_aEspagne, Adelphe. _9126958 |
|
| 245 | 1 | 0 |
_aÉtudes pratiques sur la réforme du système pénitentiaire / _cpar Adelphe Espagne. |
| 260 |
_aParis : _bA. Marescq ainé, _c1877 ( _eCorbeil : _fTyp. y Ster. de Crété) |
||
| 300 |
_a92 p. ; _c22 cm. |
||
| 650 |
_aDerecho penitenciario- _zFrancia. _9141896 |
||
| 852 |
_aES-MaACL _jD-221(13) _z- Enc. hol. _z. - Donativo Lastres _z- Forma parte de la col. facticia: "Estudios penitenciarios" |
||
| 999 |
_c153708 _d153708 |
||